000 01087nam a2200313 i 4500
001 000022822
003 DO-SdBNP
005 20250128171711.0
007 ta
008 101118s1983 sp r 000 mdspa d
020 _a8425314631
040 _aDO-SdBNP
_bspa
_cBNPHU
_erda
041 1 7 _aspa
_heng
_2Código de idioma MARC
049 _aBNGR
082 4 _bB639e
_222
100 1 _aBlanchard, Kenneth,
_d1939-
_946897
_eautor
240 1 4 _aThe one minute manager.
_lEspañol
245 1 3 _aEl ejecutivo al minuto :
_bnuevas técnicas de dirección /
_cKenneth Blanchard, Spencer Johnson ; tradución, Antoni Pigrau de la 1ª ed. de William Morrow and Company.
264 _aBarcelona :
_bGrijalbo,
_c1983.
300 _a190 páginas ;
_c21 cm.
336 _2rdacontent
_atexto
_btxt
337 _2rdamedia
_asin mediación
_bn
338 _2rdacarrier
_avolumen
_bnc
490 1 _aEconomía y Empresa
534 _pTítulo original en inglés:
_tThe one minute manager.
_cNueva York, 1982
700 1 _aPigrau, Antoni
_946898
700 1 _aJohnson, Spencer
_946899
942 _2ddc
_cLBS1
999 _c22319
_d22319